| 000 | 00463nam a22001697a 4500 | ||
|---|---|---|---|
| 003 | SGT | ||
| 020 | _a8174090223 | ||
| 082 | _a620.002 | ||
| 100 | _aSHARMA,S.C. | ||
| 245 |
_aINSPECTION QUALITY CONTROL AND RELIABILITY _bINCLUDING TOTAL QUALITY MANAGEMENT |
||
| 260 |
_aNEW DELHI _bKHANNA PUBLISHERS _c2008 |
||
| 300 | _a252 | ||
| 490 | _a ISO | ||
| 650 | _aAUTOMOBILE ENGINEERING | ||
| 653 | _aISO-9000 QUALITY MANAGEMENT SYSTEM RELIABILITY, | ||
| 942 |
_2ddc _cBK |
||
| 999 |
_c8193 _d8193 |
||